00348 2200145 4500001002100000005001500021035002000036245003400056100002400090250000600114260003600120082000800156084001400164990002400178INLIS00000000000252120250604114641 a0010-06250001071 aAtheis /cAchdiat K. Mihandja0 aAchdiat K. Mihandja a1 aJakarta :bBalai Pustaka,c2002 a813 a813 ACH a a02.1700 s/d 02.1709